<An> econometric analysis of the determinants of inflation in Turkey

Gespeichert in:
Bibliographische Detailangaben
1. Verfasser: Lim, Cheng Hoon
Weitere Verfasser: Papi, Laura
Format: Buch
Sprache:Englisch
Veröffentlicht: Washington International Monetary Fund 1997
Schriftenreihe:IMF Working Paper WP/97/170
Schlagworte:
Tags: Tag hinzufügen
Keine Tags, Fügen Sie das erste Tag hinzu!

MARC

LEADER 00000nam a2200000 4500
001 c100631
005 20221124074537.0
041 0 |a eng 
044 |a US 
245 1 0 |a <An> econometric analysis of the determinants of inflation in Turkey  |c Cheng Hoon Lim and Laura Papi 
264 1 |a Washington  |b International Monetary Fund  |c 1997 
300 |a 32 s. 
490 1 |a IMF Working Paper  |v WP/97/170 
830 0 |a IMF Working Paper  |v WP/97/170 
610 2 0 |a inflácia 
610 2 0 |a analýza ekonometrická 
610 2 0 |a Turecko 
610 2 0 |a sektor verejný 
610 2 0 |a financie verejné 
610 2 0 |a modelovanie ekonometrické 
100 1 |a Lim, Cheng Hoon 
700 1 |a Papi, Laura